| 000 | 00785nam a2200205Ia 4500 | ||
|---|---|---|---|
| 003 | GCL | ||
| 008 | 140319s9999 xx 000 0 ara d | ||
| 040 |
_aGCL / _cGCL |
||
| 082 | 0 | 4 |
_a658.5 _bم م |
| 100 | 1 | _aمحمد عبدالغنى الشيخ | |
| 245 | 1 | 0 |
_aمهارات ادارة الجودة الشاملة فى التدريب :T.Q.S SKILLS IN TRAINGIN : تطبيقات ISO 9000 فى التعليم والتدريب / _cمحمد عبدالغنى الشيخ |
| 300 | _a220 ص | ||
| 490 |
_aمجموعة مهارات تطوير الاداء _v0 |
||
| 650 | 0 | 4 | _aادارة الاعمال |
| 650 | 0 | 4 | _aادارة الانتاج |
| 650 | 0 | 4 | _aضبط الانتاج |
| 650 | 0 | 4 | _aادارة الجودة |
| 650 | 0 | 4 | _aادارة الجودة الشاملة |
| 942 |
_2ddc _cBK |
||
| 999 |
_c49683 _d49683 |
||